| 000 | 00804nam a2200265Ia 4500 | ||
|---|---|---|---|
| 003 | OSt | ||
| 005 | 20220927112118.0 | ||
| 006 | a|||||r|||| 00| 0 | ||
| 007 | ta | ||
| 008 | 220926b |||||||| |||| 00| 0 eng d | ||
| 024 | _a108273 | ||
| 037 | _cReports | ||
| 040 |
_aRTL _cRTL _beng |
||
| 041 |
_2eng _aeng |
||
| 082 | _a"X9(KZ811:7).282U.N6t4, K4" | ||
| 110 |
_a"India, Government Of .... All India Handicr (Board)" _9383129 |
||
| 245 | 0 |
_aLacquerware industry _b Udaipur |
|
| 260 |
_aFaridabad _bG I P India _c1964 |
||
| 300 |
_a8p. _ccm. |
||
| 490 | _aIts Survey Reoport . 37 | ||
| 650 | _aAnimal Husbandry | ||
| 700 |
_a"India, Government Of .... All India Handicr (Board)" _9383130 |
||
| 942 |
_h"X9(KZ811:7).282U.N6t4, K4" _cCC |
||
| 999 |
_c699816 _d699816 |
||